Polskie miasto, w którym jeżdżą tramwaje. - Statystyki

Ogólne statystyki
  • Ten quiz został rozwiązany 49 razy
  • Średni wynik to 11 z 14
Statystyki odpowiedzi
Hint Odpowiedź % Poprawnych
1. Warszawa
98%
6. Gdańsk
95%
2. Kraków
95%
3. Poznań
95%
4. Wrocław
95%
7. Szczecin
93%
8. Bydgoszcz
89%
5. Łódź
86%
9. Toruń
86%
11. Olsztyn
75%
13. Gorzów Wielkopolski
61%
12. Częstochowa
59%
10. Elbląg
45%
14. Grudziądz
45%
Nie znaleziono quizów pasujących do podanych kryteriów
Rozkład punktacji
Procent ludzi z każdym wynikiem
Percentyl według liczby udzielonych odpowiedzi
Twoja historia wyników
Nie rozwiązałeś tego quizu